| 000 | 00393pam a2200157 a 4500 | ||
|---|---|---|---|
| 020 | _c | ||
| 041 | _h | ||
| 082 |
_a658.45000000000005 _bDIS |
||
| 100 | _aDisanza, J, R | ||
| 245 |
_aBusiness And Professional Communication _hTextual Documents |
||
| 250 | _a4th ed | ||
| 260 |
_aNew Delhi _bPearson Education [Addison Wesley] _c2009 |
||
| 300 | _aXV/301 | ||
| 700 | _aLegge | ||
| 930 | _a8402 | ||
| 999 |
_c115229 _d115229 |
||